De corazón en corazón (Record no. 115219)

MARC details
000 -LEADER
campo de control de longitud fija 00688nam a2200217 i 4500
001 - NÚMERO DE CONTROL
campo de control 115219
003 - IDENTIFICADOR DE NÚMERO DE CONTROL
campo de control ES-MaACL
005 - FECHA Y HORA DE LA ÚLTIMA TRANSACCIÓN
campo de control 20250707062620.0
007 - CAMPO FIJO DE DESCRIPCIÓN FÍSICA--INFORMACIÓN GENERAL
campo de control de longitud fija t|
008 - DATOS DE LONGITUD FIJA--INFORMACIÓN GENERAL
campo de control de longitud fija 070226s1907 sp ||||1| spa d
080 ## - NÚMERO DE LA CLASIFICACIÓN DECIMAL UNIVERSAL
Número de la Clasificación Decimal Universal 821.134.2-32"19"
100 1# - ENTRADA PRINCIPAL--NOMBRE DE PERSONA
Nombre de persona Ramírez Angel, Emiliano.
9 (RLIN) 95120
245 10 - MENCIÓN DEL TÍTULO
Título De corazón en corazón
Resto del título : novela /
Mención de responsabilidad, etc. por E. Ramírez-Ángel ; ilustraciones de García-Guijo.
260 ## - PUBLICACIÓN, DISTRIBUCIÓN, ETC.
Lugar de publicación, distribución, etc. Madrid :
Nombre del editor, distribuidor, etc. El Cuento Semanal,
Fecha de publicación, distribución, etc. 1907.
300 ## - DESCRIPCIÓN FÍSICA
Extensión 20 p. :
Otras características físicas il. ;
Dimensiones 26 cm.
490 1# - MENCIÓN DE SERIE
Mención de serie El cuento semanal ;
Designación de volumen o secuencia 22
700 0# - ENTRADA AGREGADA--NOMBRE PERSONAL
Nombre de persona García-Guijo
Títulos y otros términos asociados al nombre , ilustrador.
9 (RLIN) 54737
830 03 - PUNTO DE ACCESO ADICIONAL DE SERIE-TÍTULO UNIFORME
Título uniforme El cuento semanal
Designación de volumen o secuencia 22
9 (RLIN) 185957
852 ## - LOCALIZACIÓN
Ubicación ES-MaACL
Número de control de estantería G-4439(22)
Holdings
Estatus retirado Estado de pérdida Estado de daño No para préstamo Biblioteca de origen Biblioteca actual Ubicación en estantería Fecha de adquisición Fuente de adquisición Total de préstamos Signatura topográfica completa Código de barras Visto por última vez Precio de reemplazo Tipo de ítem Koha
        Biblioteca del Ateneo de Madrid Biblioteca del Ateneo de Madrid Depósito 2 17/01/2008     G-4439(22) 1120140 23/02/2023 23/02/2023 Libro impreso